AH International Schools' Libraries

Normal view MARC view
  • Crane, Stephen,

Entry Personal Name

Number of records used in: 1

001 - CONTROL NUMBER

  • control field: 86053

003 - CONTROL NUMBER IDENTIFIER

  • control field: OSt

005 - DATE AND TIME OF LATEST TRANSACTION

  • control field: 20250211121127.0

008 - FIXED-LENGTH DATA ELEMENTS

  • fixed length control field: 250211|| aca||aabn | a|a d

040 ## - CATALOGING SOURCE

  • Original cataloging agency: OSt
  • Transcribing agency: OSt

100 ## - HEADING--PERSONAL NAME

  • Personal name: Crane, Stephen,
  • Dates associated with a name: 1871-1900.
  • Title of a work: Red badge of courage

670 ## - SOURCE DATA FOUND

  • Source citation: Work cat.: (OSt)48426: Crane, Stephen, author., The red badge of courage / , 2006.

For any Logos Library related questions please contact Miss Art at swongnarasuk@asianhope.org.

For any Asian Hope Library related questions please contact Miss Raza at graza@asianhope.org.

Powered by Koha